SK Brann Bergen players 2018 - Statistics

General Stats
  • This quiz has been taken 29 times
  • The average score is 8 of 30
Answer Stats
Hint Answer % Correct
8 Fredrik Haugen
61%
29 Kristoffer Barmen
61%
1 Samuel Sahin Radlinger
52%
21 Ruben Kristiansen
48%
18 Azar Karadas
43%
15 Bismar Acosta
39%
11 Steffen Lie Skålevik
35%
3 Vito Wormgoor
35%
9 Daouda Bamba
30%
9 Kasper Skaanes
30%
23 Sivert Heltne Nilsen
30%
2 Taijo Teniste
30%
19 Deyver Vega
26%
5 Thomas Grøgaard
26%
4 Christian Eggen Rismark
22%
5 Jonas Grønner
22%
12 Markus Olsen Pettersen
22%
7 Peter Orry Larsen
22%
16 Ruben Yttergård Jenssen
22%
10 Amer Ordagic
17%
33 Emil Kalsaas
17%
22 Gilbert Komsoon
17%
17 Gilli Rolantsson Sørensen
17%
14 Ludcinio Marengo
17%
27 Henrik Kjelsrud Johansen
13%
25 Daniel Omoya Braaten
9%
36 Emil Harloff
9%
35 Nicholas Marthinussen
9%
6 Vidar Ari Jonsson
9%
20 Halldor Stenevik
4%
No matching quizzes found
Score Distribution
Percent of People with Each Score
Percentile by Number Answered
Your Score History
You have not taken this quiz